000
00203 a2200097 4500
001
1094
100
_a
Croft,T
245
_a
American electrican handbook
260
_a
_b
Mcgrawhill
_c
090
_c
658
_d
658
942
_a
NUST-CAE
_c
M
_c
33133
999
_c
236167
_d
236167